000 01110cam a22003377a 4500
003 CHAP
005 20220329142426.0
008 010116d1999 uk r 00110 eng d
010 _a83255
011 _a84227
020 _a0 85199 367 2
035 _a94746
040 _cCHAP
082 0 4 _a632.95
_bD45
100 0 0 _aDenholm, I.
_eed.
_931792
245 1 0 _aInsecticide resistance :
_bfrom mechanisms to management
_c/ed. by I. Denholm, J.A. Pickett and A.L. Devonshire
260 _aOxon :
_bCABI publishing,
_c1999.
300 _a123 p. :
_bgráfs.
590 _aBATCH-UPD
_b10
_c20130110
_lUCH01
_h0358
590 _aBATCH-UPD
_b10
_c20130110
_lUCH01
_h1939
590 _aCONVERSION
_b10
_c20130109
_lUCH01
_h1346
650 1 4 _aInsectos
_xResistencia a insecticidas.
_958941
650 1 4 _aPesticidas.
_987536
650 1 4 _aPesticidas
_xToxicidad.
_987571
700 0 _aDevonshire, A. L.
_eed.
_932323
700 0 _aPickett, J. A.
_eed.
_987979
901 _aBK
905 _aLilia Sánchez G.
942 _cLIBRO
949 _a632.95 D45
_bBC
_cLIBRO
_d33724000809083
_eLIBRO
_gI.208816
_h99356
_i94746
_si
_t$431.52
999 _c83255
_d83255